An investigation into semantic and syntactic feature of words and expressions describing "rain, wind, wave, sunshine and cloud: in Vietnamese and English

Introduction; Literature review and theoretical background; Methods and procedures...

Enregistré dans:
Détails bibliographiques
Auteur principal: Nguyễn, Thị Sinh Tố.
Autres auteurs: Trần, Quang Hải, Dr. (Supervisor.)
Format: Inconnue
Langue:English
Publié: Đà Nẵng : The University of Da Nang, 2011.
Sujets:
Tags: Ajouter un tag
Pas de tags, Soyez le premier à ajouter un tag!
Thư viện lưu trữ: Mạng thư viện Đại học Đà Nẵng
LEADER 03054na a2200409 4500
001 000031782
003 7184
005 20230218095530.0
008 151001s2011 DN 000 eng
040 |a Lnn  |c Lnn  |d Lnn 
041 0 |a eng 
082 0 4 |a 420.143  |b NG-T 
100 1 |a Nguyễn, Thị Sinh Tố. 
245 1 3 |a An investigation into semantic and syntactic feature of words and expressions describing "rain, wind, wave, sunshine and cloud: in Vietnamese and English  |h [Thesis-Luận văn thạc sĩ] /  |c Nguyễn Thị Sinh Tố ; Trần Quang Hải hướng dẫn. 
260 |a Đà Nẵng :  |b The University of Da Nang,  |c 2011. 
300 |a 104, 5 p. ;  |c 29 cm. +  |e 1 Abstract. 
500 |a Master thesis in the English language. Field: The English language. Code: 60.22.15. 
520 3 |a Introduction; Literature review and theoretical background; Methods and procedures... 
630 0 4 |a English language. 
650 0 4 |a English language  |x Semantic. 
650 0 4 |a English language  |x Syntactic. 
650 0 4 |a English language  |x Words. 
700 1 |a Trần, Quang Hải,  |c Dr.,  |e Supervisor. 
OWN |a LNN 
902 |a lvths 
AVA |a UDN50  |b LNN  |c English  |d 420.4 NG-T  |e available  |t Error 5001 Not defined in file expand_doc_bib_avail.  |f 1  |g 0  |h N  |i 0  |j AN  |k 1 
Z40 3 |y An investigation into semantic and syntactic feature of words and expressions describing "rain, wind  |l Library of UFL  |t VIEW  |x http://catalog.udn.vn:80/F?func=service&doc_library=UDN01&local_base=UDN01&doc_number=000031782&sequence=000001&line_number=0001&func_code=DB_RECORDS&service_type=MEDIA  |f tomtat_000008661.pdf  |e pdf  |s 000564751  |k 20200922  |m NTMTHI 
Z40 3 |y An investigation into semantic and syntactic feature of words and expressions describing "rain, wind  |l Library of UFL  |t VIEW  |x http://catalog.udn.vn:80/F?func=service&doc_library=UDN01&local_base=UDN01&doc_number=000031782&sequence=000002&line_number=0002&func_code=DB_RECORDS&service_type=MEDIA  |f HOANCHINH_000008663.pdf  |e pdf  |s 001576923  |k 20200922  |m NTMTHI 
999 |a From the UDN01 
AVA |a UDN50  |b LNN  |c English  |d 420.4 NG-T  |e available  |t Error 5001 Not defined in file expand_doc_bib_avail.  |f 1  |g 0  |h N  |i 0  |j AN  |k 1 
TYP |a Printed language 
856 |y An investigation into semantic and syntactic feature of words and expressions describing "rain, wind  |l Library of UFL  |t VIEW  |x http://catalog.udn.vn:80/F?func=service&doc_library=UDN01&local_base=UDN01&doc_number=000031782&sequence=000001&line_number=0001&func_code=DB_RECORDS&service_type=MEDIA  |f tomtat_000008661.pdf  |e pdf  |s 000564751  |k 20200922  |m NTMTHI 
856 |y An investigation into semantic and syntactic feature of words and expressions describing "rain, wind  |l Library of UFL  |t VIEW  |x http://catalog.udn.vn:80/F?func=service&doc_library=UDN01&local_base=UDN01&doc_number=000031782&sequence=000002&line_number=0002&func_code=DB_RECORDS&service_type=MEDIA  |f HOANCHINH_000008663.pdf  |e pdf  |s 001576923  |k 20200922  |m NTMTHI 
980 |a Mạng thư viện Đại học Đà Nẵng